Normal view MARC view

Entry Personal Name

Number of records used in: 1

001 - CONTROL NUMBER

  • control field: 10953

003 - CONTROL NUMBER IDENTIFIER

  • control field: OSt

005 - DATE AND TIME OF LATEST TRANSACTION

  • control field: 20220114143247.0

008 - FIXED-LENGTH DATA ELEMENTS

  • fixed length control field: 220114|| aca||aabn | a|a d

040 ## - CATALOGING SOURCE

  • Original cataloging agency: OSt
  • Transcribing agency: OSt

100 ## - HEADING--PERSONAL NAME

  • Personal name: PCQ-OCT-2002

670 ## - SOURCE DATA FOUND

  • Source citation: Work cat.: (OSt): PCQ-OCT-2002, 8 wifi tools, 8 super utilities, 5 security tools, 9 enterpr

Powered by Koha